| 000 | 00549nam a2200181Ia 4500 | ||
|---|---|---|---|
| 008 | 100917s9999 xx 000 0 und d | ||
| 082 | _b10038 | ||
| 100 | _aबेलसरे के. वि. | ||
| 245 | _aउपनिषदांचा अभ्यास | ||
| 260 |
_b--- _c1965 |
||
| 300 | _a550 | ||
| 365 | _b15 | ||
| 520 | _aअध्यात्म | ||
| 630 | _aउपनिषदांचा अभ्यास | ||
| 650 | _aअध्यात्म | ||
| 730 | _aउपनिषदांचा अभ्यास | ||
| 942 | _cBOOK | ||
| 999 |
_c615432 _d615429 |
||